Human resource management (Record no. 6820)

MARC details
000 -LEADER
fixed length control field 00509nam a22001937a 4500
003 - CONTROL NUMBER IDENTIFIER
control field OSt
005 - DATE AND TIME OF LATEST TRANSACTION
control field 20210317125257.0
008 - FIXED-LENGTH DATA ELEMENTS--GENERAL INFORMATION
fixed length control field 210317b ||||| |||| 00| 0 eng d
020 ## - INTERNATIONAL STANDARD BOOK NUMBER
International Standard Book Number 9780273722854
040 ## - CATALOGING SOURCE
Original cataloging agency MUST
Transcribing agency MUST
082 ## - DEWEY DECIMAL CLASSIFICATION NUMBER
Classification number 658.3 HUM 2010
100 ## - MAIN ENTRY--PERSONAL NAME
Personal name Claydon.
9 (RLIN) 13978
245 ## - TITLE STATEMENT
Title Human resource management
Remainder of title A contemporary approach
Statement of responsibility, etc. Julie Beardwell & Tim Claydon
250 ## - EDITION STATEMENT
Edition statement Sixth
300 ## - PHYSICAL DESCRIPTION
Extent xxii, p709
Dimensions 26 cm
500 ## - GENERAL NOTE
General note includes ill
650 ## - SUBJECT ADDED ENTRY--TOPICAL TERM
Source of heading or term Management
942 ## - ADDED ENTRY ELEMENTS (KOHA)
Source of classification or shelving scheme Dewey Decimal Classification
Koha item type Short Loan
Holdings
Withdrawn status Lost status Source of classification or shelving scheme Damaged status Not for loan Home library Current library Date acquired Source of acquisition Inventory number Total Checkouts Full call number Barcode Date last seen Price effective from Koha item type
    Other/Generic Classification Scheme     MUST Main Library MUST Main Library 17/03/2021 Purchase 11/35444   658.3 HUM 2010 2021-0272 17/03/2021 17/03/2021 Short Loan